000 00371nam a2200133Ia 4500
005 20260328101448.0
008 260328s9999||||xx |||||||||||||| ||und||
100 _aMuseum of Finnish Architecture
245 0 _aLars Sonck 1870-1956 /
_cMuseum of Finnish Architecture
260 _bMuseum of Finnish Architecture
300 _a156 p.
650 _aARQUITECTOS
942 _cBK
999 _c8526
_d8526